000 00644nam a2200241Ia 4500
003 OSt
005 20220918192224.0
006 a|||||r|||| 00| 0
007 ta
008 220917b |||||||| |||| 00| 0 eng d
024 _a67,524
037 _cTextual
040 _aARTS
_cARTS
_beng
041 _2eng
_aeng
082 _aR3xM13:g, L8
100 _aMccarthy Vincent A
_978670
245 0 _aPhenomenology of moods in Kierkegaard
260 _aHague
_bMartinus
_c1978
300 _aix,169p. illus
_ccm.
500 _aBib 162-66p
942 _hR3xM13:g, L8
_cTEXL
_2CC
999 _c193757
_d193757